000 00932nam a2200289 a 4500
001 000012599
003 DO-SdBNP
005 20250131102102.0
007 ta
008 091113s1994 dr a 000 j spa d
040 _aDO-SdBNP
_bspa
_cBNPHU
_erda
041 _hspa
082 _aRD863.44
_bP438es
_222
100 1 _aPérez, Faustino
_eautor
_91945
245 1 0 _aEse libro se llama :
_brelatos de Faustino Pérez /
_cFaustino Pérez; prólogo César Rodher.
264 _aSanto Domingo :
_bAlfa & Omega,
_c1994.
300 _a122 páginas :
_bilustraciones ;
_c21 cm.
336 _ardacontent
_btexto
_2txt
337 _ardamedia
_bsin mediación
_2n
338 _ardacarrier
_bvolumen
_2nc
590 _aInventariado, 2020/VM
650 0 _aCuentos dominicanos
_9176
650 0 _aLiteratura dominicana.
_967
700 1 2 _aRodher, César,
_eprólogo
_929297
910 _aValidado. Control de calidad MMOLINA
942 _2ddc
_cLBS1
999 _c12254
_d12254